Loading...

The witch of Portobello :

Bibliographic Details
Main Author: Coelho, Paulo
Other Authors: Costa, Margaret Jull
Format: Printed Book
Published: New York : HarperCollinsPublishers, c2007.
Subjects:
LEADER 00614cam a2200181 a 4500
020 |a 9780061338809 (alk. paper) 
020 |a 006133880X (alk. paper) 
082 0 0 |a 869.342  |b COE/T 
100 1 |a Coelho, Paulo. 
245 1 4 |a The witch of Portobello : 
260 |a New York :  |b HarperCollinsPublishers,  |c c2007. 
300 |a 268 p. ; 
650 0 |a Psychics 
650 0 |a Missing persons 
700 1 |a Costa, Margaret Jull. 
942 |c BK 
999 |c 36087  |d 36087 
952 |0 0  |1 0  |4 0  |6 869_342000000000000_COET  |7 0  |8 Stack  |9 38178  |a KUCL  |b KUCL  |c Stack  |d 2015-11-21  |g 0.00  |l 9  |m 2  |o 869.342 COE/T  |p 35502  |r 2019-01-22  |s 2018-11-26  |w 2015-11-21  |y BK